[Event "Titled Tuesday intern op 06th Jun Early"]
[Site "Chess.com INT"]
[Date "2023.06.06"]
[Round "8"]
[White "Mrithyunjay, Mahadevan"]
[Black "Rian, Kapriaga"]
[Result "1-0"]
[WhiteElo "1754"]
[BlackElo "2089"]
[PlyCount "51"]
[EventDate "2023.06.06"]
[EventType "swiss (blitz)"]
[EventRounds "11"]
[EventCountry "USA"]
[SourceTitle "EXT 2024"]
[Source "ChessBase"]
[SourceDate "2023.10.10"]
[SourceVersion "1"]
[SourceVersionDate "2023.10.10"]
[SourceQuality "1"]

1. d4 e6 2. e4 d5 3. Nc3 dxe4 4. Nxe4 Nf6 5. Nxf6+ Qxf6 6. Nf3 Nd7 7. Bd3 h6 8. Be3 Bd6 9. Qe2 b6 10. Be4 Rb8 11. 0-0-0 0-0 12. g4 Bf4 13. h4 Bxe3+ 14. fxe3 Bb7 15. g5 Qe7 16. Bxb7 Rxb7 17. gxh6 gxh6 18. Rdg1+ Kh8 19. Qg2 Qf6 20. Ne5 Nxe5 21. dxe5 Qxe5 22. Qxb7 Qxe3+ 23. Kb1 Qe5 24. Qg2 a5 25. Rh3 a4 26. Rg3 1-0

[Event "Titled Tuesday intern op 18th Apr Early"]
[Site "Chess.com INT"]
[Date "2023.04.18"]
[Round "10"]
[White "Iskusnyh, Sergei"]
[Black "Mrithyunjay, Mahadevan"]
[Result "0-1"]
[WhiteElo "2440"]
[BlackElo "1816"]
[PlyCount "112"]
[EventDate "2023.04.18"]
[EventType "swiss (blitz)"]
[EventRounds "11"]
[EventCountry "USA"]
[SourceTitle "EXT 2024"]
[Source "ChessBase"]
[SourceDate "2023.10.10"]
[SourceVersion "1"]
[SourceVersionDate "2023.10.10"]
[SourceQuality "1"]

1. d4 Nf6 2. c4 g6 3. g3 c6 4. Bg2 d5 5. e3 Bg7 6. Ne2 0-0 7. 0-0 dxc4 8. Na3 Be6 9. Qc2 Nbd7 10. Nxc4 Bxc4 11. Qxc4 e5 12. Qb3 exd4 13. Nxd4 Nb6 14. a4 Rb8 15. a5 Nbd5 16. Rd1 Qe7 17. Qa3 Qxa3 18. Rxa3 Rfd8 19. Bd2 Bf8 20. Rb3 c5 21. Nf3 c4 22. Rb5 a6 23. Rxd5 Rxd5 24. Rc1 Rb5 25. Bc3 Nd5 26. Be5 Rc8 27. Bf1 Rxa5 28. Bxc4 Rac5 29. Rd1 Rxc4 30. Rxd5 Bg7 31. Bxg7 Kxg7 32. Nd4 R8c7 33. g4 Rb4 34. b3 a5 35. Rxa5 h6 36. Kg2 Rb6 37. Rd5 Rf6 38. h4 Ra6 39. h5 Ra2 40. hxg6 Kxg6 41. Rd6+ Kh7 42. Nf5 Rc6 43. Rd7 Rg6 44. Kf3 Rf6 45. Rxb7 h5 46. e4 hxg4+ 47. Kxg4 Rxf2 48. Kg5 Rg6+ 49. Kh5 Rh2+ 50. Nh4 Rh6+ 51. Kg5 R2xh4 52. Rxf7+ Kg8 53. Re7 R4h5+ 54. Kg4 Rb5 55. e5 Rh7 56. e6 Rxe7 0-1

[Event "Titled Tuesday intern op 18th Apr Early"]
[Site "Chess.com INT"]
[Date "2023.04.18"]
[Round "7"]
[White "Mrithyunjay, Mahadevan"]
[Black "Danielyan, Vahe"]
[Result "1-0"]
[WhiteElo "1816"]
[BlackElo "2346"]
[PlyCount "93"]
[EventDate "2023.04.18"]
[EventType "swiss (blitz)"]
[EventRounds "11"]
[EventCountry "USA"]
[SourceTitle "EXT 2024"]
[Source "ChessBase"]
[SourceDate "2023.10.10"]
[SourceVersion "1"]
[SourceVersionDate "2023.10.10"]
[SourceQuality "1"]

1. e4 c6 2. d4 d5 3. e5 Bf5 4. Nd2 e6 5. Nb3 Ne7 6. h4 h5 7. Be3 Bg6 8. Bd3 Nf5 9. Bxf5 Bxf5 10. Ne2 Be7 11. Ng3 Bg6 12. c3 Nd7 13. Qf3 Bxh4 14. 0-0-0 a5 15. Ne2 a4 16. Nd2 a3 17. b3 Bg5 18. Nf4 Bxf4 19. Bxf4 c5 20. Nb1 cxd4 21. Rxd4 Rc8 22. g4 Qb6 23. Be3 Nxe5 24. Qg3 Qc7 25. Bf4 h4 26. Bxe5 hxg3 27. Rxh8+ Kd7 28. Bxc7 g2 29. Bh2 Rxh8 30. Bg1 Be4 31. Rd1 Rh3 32. c4 Bd3 33. cxd5 Bf1 34. dxe6+ Kxe6 35. Nd2 Rh1 36. Nf3 f5 37. Re1+ Kf6 38. g5+ Kg6 39. Kd2 Rh3 40. Re3 Rh8 41. Re6+ Kh5 42. Ke3 Rc8 43. Kf4 Rc2 44. Ne5 Rxa2 45. Re8 Rxf2+ 46. Bxf2 g1Q 47. Rh8# 1-0

[Event "Titled Tuesday intern op 18th Apr Late"]
[Site "Chess.com INT"]
[Date "2023.04.18"]
[Round "1"]
[White "Mrithyunjay, Mahadevan"]
[Black "Kushko, Dmitriy"]
[Result "0-1"]
[WhiteElo "1816"]
[BlackElo "2379"]
[PlyCount "52"]
[EventDate "2023.04.18"]
[EventType "swiss (blitz)"]
[EventRounds "11"]
[EventCountry "USA"]
[SourceTitle "EXT 2024"]
[Source "ChessBase"]
[SourceDate "2023.10.10"]
[SourceVersion "1"]
[SourceVersionDate "2023.10.10"]
[SourceQuality "1"]

1. e4 g6 2. d4 Bg7 3. Nc3 d6 4. Be3 a6 5. f4 b5 6. e5 Bb7 7. Nf3 Nd7 8. Bd3 c5 9. Be4 Bxe4 10. Nxe4 cxd4 11. Bxd4 dxe5 12. fxe5 Nf8 13. 0-0 Ne6 14. Be3 Nh6 15. h3 Nf5 16. Bf2 h5 17. g4 hxg4 18. hxg4 Nh6 19. Nd4 Nxd4 20. Bxd4 Nxg4 21. Nd6+ exd6 22. Qxg4 dxe5 23. Bc5 Qd5 24. Ba3 Rh1+ 25. Kf2 Rh2+ 26. Ke1 Qd2# 0-1

[Event "Titled Tuesday intern op 18th Apr Early"]
[Site "Chess.com INT"]
[Date "2023.04.18"]
[Round "5"]
[White "Mrithyunjay, Mahadevan"]
[Black "Ramirez, Vido Robert"]
[Result "1-0"]
[WhiteElo "1816"]
[BlackElo "2015"]
[PlyCount "59"]
[EventDate "2023.04.18"]
[EventType "swiss (blitz)"]
[EventRounds "11"]
[EventCountry "USA"]
[SourceTitle "EXT 2024"]
[Source "ChessBase"]
[SourceDate "2023.10.10"]
[SourceVersion "1"]
[SourceVersionDate "2023.10.10"]
[SourceQuality "1"]

1. e4 d6 2. d4 Nf6 3. Nc3 g6 4. Be3 c6 5. f3 b5 6. Qd2 Nbd7 7. g4 Nb6 8. a3 Qc7 9. h4 h5 10. g5 Nfd7 11. d5 a6 12. 0-0-0 Bg7 13. Bd4 0-0 14. Bxg7 Kxg7 15. f4 c5 16. f5 Ne5 17. Be2 b4 18. Nb1 a5 19. Nf3 Nec4 20. Qf4 bxa3 21. Nxa3 Nxa3 22. bxa3 Na4 23. e5 Nc3 24. f6+ exf6 25. gxf6+ Kh7 26. Ng5+ Kg8 27. Bxh5 gxh5 28. Qf3 Na2+ 29. Kd2 Bg4 30. Qd3 1-0